TV by Synonyms Quiz Stats

 Plays Quiz Updated Jun 26, 2018

Score 0/24 Timer 05:00
4 Plays Today
Alternative Title TV Show % Correct
CabTaxi
95.1%
BuddiesFriends
95.1%
So You Believe You Can BoogieSo You Think You Can Dance
95%
The WorkplaceThe Office
91.7%
Rescued by the Ringing DeviceSaved by the Bell
90.7%
Killings, She ScribedMurder, She Wrote
90.4%
Filthy OccupationsDirty Jobs
89.7%
An Hour60 Minutes
88.1%
Lord of the MoundKing of the Hill
87.3%
Small Shack on the PlainLittle House on the Prairie
85.1%
Adolescent Freak Samurai ReptilesTeenage Mutant Ninja Turtles
84.2%
Strange PairOdd Couple
79.8%
Alternative Title TV Show % Correct
Square Root of 57624
79.6%
Stuffed HomeFull House
77.4%
The Romance DinghyThe Love Boat
76.5%
Identical SummitsTwin Peaks
75.4%
DefeatedLost
71.7%
House FixingHome Improvement
68.1%
FictionbreakersMythbusters
67.9%
CarpetrodentsRugrats
64.5%
Celestial JourneyStar Trek
58.2%
EnchantedBewitched
51.6%
PseudonymAlias
43.3%
AcclamationsCheers
26.3%

You're not logged in!

Compare scores with friends on all Sporcle quizzes.
OR
Log In

Sporcle TV

Today on Sporcle TV


Watch our educational content, quiz creation guides, and fun videos on Sporcle TV.

Show Comments

Extras

Top Quizzes Today


Score Distribution

Your Account Isn't Verified!

In order to create a playlist on Sporcle, you need to verify the email address you used during registration. Go to your Sporcle Settings to finish the process.

Report this User

Report this user for behavior that violates our Community Guidelines.

Details: